000
00230 a2200097 4500
001
1221
100
_a
Crouse, W.H
245
_a
Automotive fuedl lubricating & cooling systems
260
_a
_b
Asia publishing
_c
090
_c
783
_d
783
942
_a
NUST-CAE
_c
M
_c
34522
999
_c
236294
_d
236294